| 000 | 01003nam a2200229Ia 4500 | ||
|---|---|---|---|
| 003 | OSt | ||
| 005 | 20210510114309.0 | ||
| 008 | 210310s2004 ck gr 100 0 spa d | ||
| 020 | _a9589381952 | ||
| 040 |
_aCO-JMCR _cCO-JMCR |
||
| 041 | 0 | _aspa | |
| 082 | 0 | 4 |
_a304.82 / _bS471c _223 |
| 100 |
_aMinisterio de Relaciones Exteroiores _914739 |
||
| 111 | 1 |
_aSeminario sobre Migración Internacional Colombiana y la Conformación de Comunidades Transnacionales _d(2003 : _cBogotá) _937499 |
|
| 245 | 1 | 0 |
_aColombia nos une : _bmemorias / _cSeminario sobre migración internacional colombiana y la conformación de comunidades transnacionales, junio 18 y 19 de 2003 |
| 260 |
_aBogotá : _bMinisterio de Relaciones Exteriores, _c2004 |
||
| 300 |
_a233 páginas ; _c29 cm. |
||
| 500 | _aIncluye notas a pie de página. | ||
| 650 | 1 | 4 |
_aEmigración e inmigración _914741 _vCongresos, conferencias, etc. |
| 651 | 2 | 4 |
_aColombia _vCongresos, conferencias, etc. _xEmigración e inmigración _937500 |
| 942 |
_2ddc _cBK |
||
| 999 |
_c7545 _d7545 |
||